000 01342nam a22001577a 4500
999 _c522134
_d522134
008 230313b ||||| |||| 00| 0 eng d
100 _aNinan, Johan and Sergeevam, Natalya
_938666
245 _aMobilizing megaproject narratives for external stakeholders: A study of narrative instruments and processes
260 _aProject Management Journal
300 _a53(5), Oct, 2022: p.520-540
520 _aMegaprojects combine multiple external stakeholders, and a common narrative is essential to drive the project among often conflicting objectives. Narratives help organize people toward an agenda and therefore have performative and strategic implications. In this research, we explore how narratives are mobilized through narrative instruments and processes using the case study of the High Speed Two (HS2) megaproject in the United Kingdom. We record the use of three instruments—stories, labels, and comparisons—that undergo four processes: repeating, endorsing, humorizing, and actioning. These instruments and processes enable megaprojects to mobilize a narrative that helps in managing external stakeholders.- Reproduced
650 _aMegaprojects, External stakeholder management, Project organizing, Narratives, News media.
_936826
773 _aProject Management Journal
906 _aPROJECT MANAGEMENT
942 _cAR